Strategic year 2016 in defense

Dve dôležité udalosti v SR v roku 2016: parlamentné voľby a predsedníctvo Slovenska v Rade EÚ. Slovensko a nová dynamika bezpečnosti na úrovni EÚ a NATO. Vojak (Peter Gajdoš) ako minister obrany. Medzinárodné záväzky a spolupráca. Zastarané revízie a modernizácia, Komunikácia s verejnosťou. Rok 2017...

Ausführliche Beschreibung

Gespeichert in:
Bibliographische Detailangaben
1. Verfasser: Fischer, Dušan
Weitere Verfasser: Goda, Samuel
Format: Buchkapitel
Sprache:Englisch
Schlagworte:
Tags: Tag hinzufügen
Keine Tags, Fügen Sie das erste Tag hinzu!

MARC

LEADER 00000nla a2200000 4500
001 0235547
005 20240502073817.4
041 0 |a eng 
044 |a SK 
245 1 0 |a Strategic year 2016 in defense  |c Dušan Fischer, Samuel Goda 
520 |a Dve dôležité udalosti v SR v roku 2016: parlamentné voľby a predsedníctvo Slovenska v Rade EÚ. Slovensko a nová dynamika bezpečnosti na úrovni EÚ a NATO. Vojak (Peter Gajdoš) ako minister obrany. Medzinárodné záväzky a spolupráca. Zastarané revízie a modernizácia, Komunikácia s verejnosťou. Rok 2017 ako rok príležitostí. 
610 2 0 |a obrana štátu 
610 2 0 |a bezpečnosť 
610 2 0 |a bezpečnosť medzinárodná 
610 2 0 |a riziko bezpečnostné 
610 2 0 |a výdavky na obranu a bezpečnosť 
610 2 0 |a spolupráca medzinárodná 
610 2 0 |a ministerstvá 
610 2 0 |a armáda 
610 2 0 |a sily ozbrojené 
610 2 0 |a Slovensko 
610 2 0 |a Európska únia 
100 1 |a Fischer, Dušan 
700 1 |a Goda, Samuel